Central Library OPAC University of Rajshahi

Handbook of experimental pollination biology / (Record no. 12469)

MARC details
000 -LEADER
fixed length control field 00855pam a2200277 a 4500
001 - CONTROL NUMBER
control field 12469
003 - CONTROL NUMBER IDENTIFIER
rucl marc code BD-RjUL
005 - DATE AND TIME OF LATEST TRANSACTION
control field 20211208235311.0
008 - FIXED-LENGTH DATA ELEMENTS--GENERAL INFORMATION
fixed length control field 140129s1983 nyua b 001 0 eng
020 ## - INTERNATIONAL STANDARD BOOK NUMBER
International Standard Book Number 0442246765
035 ## - SYSTEM CONTROL NUMBER
System control number (BD-RjUL)12518
040 ## - CATALOGING SOURCE
Original cataloging agency DLC
Transcribing agency DLC
Modifying agency DLC
-- BD-RjUL
Language of cataloging eng
041 ## - LANGUAGE CODE
Language code of text/sound track or separate title eng
082 00 - DEWEY DECIMAL CLASSIFICATION NUMBER
Classification number 582.016
Edition number 19
Author mark and year HAN 1983
245 00 - TITLE STATEMENT
Title Handbook of experimental pollination biology /
Statement of responsibility, etc. edited by C. Eugene Jones, R. John Little.
260 ## - PUBLICATION, DISTRIBUTION, ETC. (IMPRINT)
Place of publication, distribution, etc. New York :
Name of publisher, distributor, etc. Scientific and Academic Editions,
Date of publication, distribution, etc. c1983.
300 ## - PHYSICAL DESCRIPTION
Pagination xviii, 558 p. :
Illustrations ill. ;
Size 25 cm.
504 ## - BIBLIOGRAPHY, ETC. NOTE
Bibliography, etc Includes bibliographies and index.
650 #0 - SUBJECT ADDED ENTRY--TOPICAL TERM
Topical term or geographic name as entry element Pollination.
9 (RLIN) 38804
Topical term or geographic name as entry element Pollination
General subdivision Research.
9 (RLIN) 38805
700 1# - ADDED ENTRY--PERSONAL NAME
Personal name Jones, C. Eugene.
Personal name Little, R. John.
942 ## - ADDED ENTRY ELEMENTS (KOHA)
Source of classification or shelving scheme Dewey Decimal Classification
Koha item type Books
Holdings
Lost status Source of classification or shelving scheme Damaged status Not for loan Collection code Permanent Location Current Location Shelving location Date acquired Source of acquisition Total Checkouts Full call number Date last seen Copy number Koha item type
  Dewey Decimal Classification   Not For Loan Non-fiction Central Library, University of Rajshahi Central Library, University of Rajshahi Reading Room 10/09/1989 Asia foundation   582.016 HAN 1983 29/01/2014 C-1 Books
  Dewey Decimal Classification     Non-fiction Central Library, University of Rajshahi Central Library, University of Rajshahi   28/10/1989 Asia foundation   582.016 HAN 1983 29/01/2014 C-2 Books
  Dewey Decimal Classification     Non-fiction Central Library, University of Rajshahi Central Library, University of Rajshahi   08/01/1990 Asia foundation   582.016 HAN 1983 29/01/2014 C-3 Books